000 00319nam a2200133Ia 4500
003 GCL
008 140319s9999 xx 000 0 ara d
040 _aGCL /
_cGCL
082 0 4 _a811.61
_bم د
245 1 0 _aديوان ابن معتوق
260 _a[S.N] :
_bدار صادر ،
_c1885
300 _a239 ص
490 _a
999 _c31437
_d31437